UBT Library

Business Ethics (Record no. 106)

000 -LEADER
fixed length control field 00472nam a22001817a 4500
008 - FIXED-LENGTH DATA ELEMENTS--GENERAL INFORMATION
fixed length control field 131011b xxu||||| |||| 00| 0 eng d
020 ## - INTERNATIONAL STANDARD BOOK NUMBER
International Standard Book Number 0072860685
041 0# - LANGUAGE CODE
Language code of text/sound track or separate title eng
080 ## - UNIVERSAL DECIMAL CLASSIFICATION NUMBER
Universal Decimal Classification number 174.4 : 658
245 10 - TITLE STATEMENT
Title Business Ethics
Statement of responsibility, etc John E. Richardson
250 ## -
-- 16 edition
-- Annual Edition
260 ## -
-- Iowa :
-- McGraw-Hill/Dushkin ;
-- 2004
300 ## -
-- 221 f. :
-- me il. ;
-- 28 cm.
650 #0 -
-- Biznesi
650 #0 -
-- Etika
650 #0 -
-- Etika e biznesit
942 ## - ADDED ENTRY ELEMENTS (KOHA)
Source of classification or shelving scheme
Item type Books
Holdings
Withdrawn status Lost status Source of classification or shelving scheme Damaged status Not for loan Collection code Permanent location Current location Shelving location Date acquired Total Checkouts Full call number Barcode Date last seen Price effective from Koha item type
          Koleksioni i përgjithshem UBT - Prishtine UBT - Prishtine Koleksioni i përgjithshem 10/11/2013   174.4:658 BUS 001-000111 10/11/2013 10/11/2013 Books
UBT Library © 2015-2024. All rights reserved University Education for Business and Technology